书目信息 |
| 题名: |
少年维特之烦恼
|
|
| 作者: | 歌德 , 歌德 著 ;郑信 , 仲健 译 | |
| 分册: | ||
| 出版信息: | 桂林 漓江出版社 1994 |
|
| 页数: | 131页 | |
| 开本: | 21cm | |
| 丛书名: | ||
| 单 册: | ||
| 中图分类: | I516.44 | |
| 科图分类: | ||
| 主题词: | 书信体小说--德国--近代 | |
| 电子资源: | ||
| ISBN: | 7-5407-1640-1 | |
| 000 | 01086nam0 2200361 450 | |
| 000 | 01051nam0 2200349 450 | |
| 000 | 01014nam0 2200337 450 | |
| 000 | 00924nam0 2200313 450 | |
| 000 | 00887nam0 2200301 450 | |
| 000 | 00888nam0 2200313 450 | |
| 000 | 00834nam0 2200289 450 | |
| 000 | 00796nam0 2200277 450 | |
| 000 | 00730nam0 2200253 450 | |
| 001 | 0104000024 | |
| 005 | 20061016095614.23 | |
| 010 | @a7-5407-1640-1@dCNY8.00 | |
| 100 | @a20051124d1994 em y0chiy0110 ea | |
| 101 | 1 | @achi |
| 102 | @aCN@b450000 | |
| 105 | @ay z 000ay | |
| 200 | 1 | @a少年维特之烦恼@Ashao nian wei te zhi fan nao@f(德)歌德著@F(de)ge de zhu@g仲健,郑信译 |
| 210 | @a桂林@c漓江出版社@d1994 | |
| 215 | @a131页@d21cm | |
| 606 | 0 | @a书信体小说@y德国@z近代 |
| 690 | @aI516.44@v4 | |
| 701 | 1 | @a歌德@9ge de@4著 |
| 701 | 0 | @a歌德@Age de@4著 |
| 702 | 0 | @a郑信@9zheng xin@4译 |
| 702 | 0 | @a仲健@9zhong jian@4译 |
| 801 | 0 | @aCN@b北京荣雅伟业图书经销中心@c20061016 |
| 905 | @aBZT@dI516.44@e1 | |
| 906 | @dCNY5.35@n0@r1 | |
| 少年维特之烦恼/(德)歌德著/仲健,郑信译.-桂林:漓江出版社,1994 |
| 131页;21cm |
| ISBN 7-5407-1640-1:CNY8.00 |
| ● |
| 相关链接 |
|
|
|
正题名:少年维特之烦恼
索取号:I516.44/1
 
预约/预借
| 序号 | 登录号 | 条形码 | 馆藏地/架位号 | 状态 | 备注 |
| 1 | 502616 | 230072391 | 中心书库中库/打包BH0257/ [索取号:I516.44/1] | 在馆 | |
| 2 | 502617 | 230072390 | 中心书库中库/打包BH0257/ [索取号:I516.44/1] | 在馆 | |
| 3 | 502618 | 230072389 | 中心书库中库/打包BH0257/ [索取号:I516.44/1] | 在馆 | |
| 4 | 502619 | 230072387 | 中心书库中库/打包BH0257/ [索取号:I516.44/1] | 在馆 | |
| 5 | 502620 | 230072388 | 中心书库中库/打包BH0257/ [索取号:I516.44/1] | 在馆 |